000 01026nam a2200289 i 4500
001 42199
003 KOSZ 005
005 20190829135816.0
008 980713s1997 pl a f f |000 0 pol d
015 _aPB 1997/16355
020 _a8372040060
040 _aWA N
_cWA N
_dKOSZ 005/HR
080 _a62
080 _a005
100 1 _aDownarowicz, Olgierd
_d(1931- )
_eAutor
245 1 0 _aSystem eksploatacji :
_bzarządzanie zasobami techniki /
_cOlgierd Downarowicz ; [Politechnika Gdańska, Instytut Technologii Eksploatacji].
260 _aGdańsk ;
_aRadom :
_bITE,
_c1997.
300 _a170 s. :
_brys., wykr. ;
_c24 cm.
490 1 _aBiblioteka Problemów Eksploatacji.
504 _aBibliogr. s. 167-170.
658 _aInżynieria i technika
650 4 _aObsługa i eksploatacja
650 4 _aUrządzenia
856 _uhttp://koha.tu.koszalin.pl/cgi-bin/koha/opac-detail.pl?biblionumber=42199
_yKatalog online BPK
830 0 _aBiblioteka Problemów Eksploatacji
942 _2UKD
_cKS
999 _c42199
_d42199